Fr. Conceicao Rodrigues College of Engineering

Experiments in Engineering physics (Record no. 32863)

MARC details
000 -LEADER
fixed length control field 00368nam a2200169Ia 4500
082 ## - DEWEY DECIMAL CLASSIFICATION NUMBER
Classification number 530/AVA
Item number AVA
100 ## - MAIN ENTRY--PERSONAL NAME
Personal name Avadhanulu/M.N/ Dani/A.A
245 ## - TITLE STATEMENT
Title Experiments in Engineering physics
260 ## - PUBLICATION, DISTRIBUTION, ETC.
Name of publisher, distributor, etc. S.Chand & C0
Place of publication, distribution, etc. Mumbai
Date of publication, distribution, etc. 2007
366 ## - TRADE AVAILABILITY INFORMATION
Publishers's discount category 15
300 ## - PHYSICAL DESCRIPTION
Extent 244
546 ## - LANGUAGE NOTE
Language note ENGLISH
650 ## - SUBJECT ADDED ENTRY--TOPICAL TERM
Topical term or geographic name entry element Physics
654 ## - SUBJECT ADDED ENTRY--FACETED TOPICAL TERMS
Focus term physics
942 ## - ADDED ENTRY ELEMENTS (KOHA)
Koha item type BOOK
Holdings
Withdrawn status Lost status Damaged status Not for loan Collection Home library Current library Date acquired Source of acquisition Cost, normal purchase price Inventory number Total Checkouts Full call number Barcode Date last seen Cost, replacement price Price effective from Koha item type
        CRC Fr. Agnel's C.Rodrigues College of Engineering Fr. Agnel's C.Rodrigues College of Engineering 17/03/2023 Book Sense 102.00 54 dt 28/09/2008   530/AVA AVA 18923 17/03/2023 120.00   BOOK
        CRC Fr. Agnel's C.Rodrigues College of Engineering Fr. Agnel's C.Rodrigues College of Engineering 17/03/2023 Book Sense 102.00 54 dt 28/09/2008   530/AVA AVA 18924 17/03/2023 120.00   BOOK
        CRC Fr. Agnel's C.Rodrigues College of Engineering Fr. Agnel's C.Rodrigues College of Engineering 17/03/2023 Book Sense 102.00 54 dt 28/09/2008   530/AVA AVA 18925 17/03/2023 120.00   BOOK
        CRC Fr. Agnel's C.Rodrigues College of Engineering Fr. Agnel's C.Rodrigues College of Engineering 17/03/2023 Book Sense 102.00 54 dt 28/09/2008   530/AVA AVA 18926 17/03/2023 120.00   BOOK
        CRC Fr. Agnel's C.Rodrigues College of Engineering Fr. Agnel's C.Rodrigues College of Engineering 17/03/2023 Book Sense 102.00 54 dt 28/09/2008   530/AVA AVA 18927 17/03/2023 120.00   BOOK